| 000 | 00744 a2200277 4500 | ||
|---|---|---|---|
| 001 | 200001210 | ||
| 999 |
_c200001210 _d20050 |
||
| 003 | TR-AnTOB | ||
| 005 | 20200617103704.0 | ||
| 008 | 160507d19509999xxumn0p 0 0 | ||
| 022 | _a0020-5508 | ||
| 040 | _aTR-AnTOB | ||
| 041 | _aeng | ||
| 050 | 4 | _aNK1700 | |
| 099 | _aJOURNAL - INTE DE | ||
| 222 | 0 | _aInterior design | |
| 245 | 0 | 0 | _aInterior design |
| 260 |
_a[New York] : _bInterior Design Division of Whitney Communications Corp., _c1950- |
||
| 300 |
_av.: _bill. (some col.) ; _c28 cm. |
||
| 310 | _aMonthly | ||
| 362 | _a1950- | ||
| 500 | _aKütüphanemizdeki mevcutlar: 2007- | ||
| 500 | _aFifteen issues to each volume. | ||
| 650 | 0 |
_aInterior decoration _vPeriodicals _969455 |
|
| 942 | _cCR | ||